000 00619cam a22001938a 4500
020 _a0807573361
020 _a0807573345
040 _cDLC
082 0 0 _a636 ALB 1999 A091 Or.
100 1 _aKehret, Peg.
245 1 0 _aShelter dogs :
_bamazing stories of adopted strays /
260 _aMorton Grove, Ill. :
_bAlbert Whitman,
_c1999.
300 _a[135] p. :
_bill. ;
_c21 cm.
520 _aTells the stories of eight stray dogs that were adopted from animal shelters and went on to become service dogs, actors, and heroes.
650 0 _aDogs
650 0 _aDog adoption
650 0 _aAnimal shelters
942 _cEK
999 _c15707
_d15707